000 00657nam a22002057a 4500
003 OSt
005 20251027034821.0
008 251027b |||||||| |||| 00| 0 eng d
020 _a0-415-34630-4.
040 _aDWCL-Main lib
_cOC
082 _aCirc. 610.73 Uy98c 2005
100 _aUys, Leana R.
245 _aCurriculum development in nursing :
_bprocess and innovations.
260 _aLondon :
_bRoutledge,
_cc2005.
300 _axiv, 237 pages :
_billustration ;
_c23 cm.
504 _aIncludes bibliographical references and index.
650 _21. Curriculum planning.
650 _22. Nursing-Study and teaching.
942 _2ddc
_cBK-CIRC
_kCirc.
_n0
999 _c5151
_d5151